| 000 | 00770nas a2200265 4500 | ||
|---|---|---|---|
| 001 | BR9208619 | ||
| 003 | BR-BrBNA | ||
| 005 | 20231205093130.0 | ||
| 007 | ta | ||
| 008 | 230509b bl.|||p| |||| 00| 00por d | ||
| 040 |
_aBR-BrBNA _bpor _cBiblioteca Nacional de Agricultura |
||
| 041 | _a(Pt) | ||
| 072 | _aF60 | ||
| 100 | 1 | _aPinheiro, M. de F. da S. | |
| 100 | 1 | _aLisboa, R.C.L. | |
| 100 | 1 | _aBrazao, R. de V. | |
| 245 | 1 | _aContribuicao ao estudo de briofitas como fontes de antibioticos | |
| 650 | _aMUSGO | ||
| 650 | _aBRIOFITA | ||
| 650 | _aANALISE QUIMICA | ||
| 650 | _aANTIBIOTICO | ||
| 773 | 0 |
_tActa Amazonica (Brazil) _xISSN 0044-5967 _g(Mar-Dec 1989), v. 19 p. 139-145 _wBR9208619 |
|
| 909 |
_a202311 _bLúcia _c55 _dLúcia Elande |
||
| 942 |
_2AGRIS _n0 _cANA |
||
| 999 |
_c136413 _d136413 |
||